La Cárcel de Barcelona y los sistemas penitenciarios
Descripción Física:
53 p. ; 26 cm
MARC
| LEADER | 00000nam a2200000Ia 4500 | ||
|---|---|---|---|
| 001 | 19431 | ||
| 008 | 160829s1877 xx 000 0 cat d | ||
| 080 | |a 1117, exp. 2 | ||
| 245 | |a La Cárcel de Barcelona y los sistemas penitenciarios | ||
| 260 | |a Barcelona : |b Establecimiento Tipográfico de N. Ramírez y Comp., |c 1877 | ||
| 300 | |a 53 p. ; |c 26 cm | ||
| 650 | |a Presons |x Barcelona |9 39958 | ||
| 650 | |a Presó de Barcelona |9 43605 | ||
| 901 | |a Arxiu | ||
| 942 | |n 1 | ||
| 952 | |0 0 |1 0 |4 0 |6 1117_EXP_2 |7 1 |9 51531 |a Arxiu |b Arxiu |d 2016-12-01 |l 0 |o 1117, exp. 2 |p 19431 |r 2016-12-01 00:00:00 |w 2016-12-01 |y ARXIU | ||
| 999 | |c 55376 |d 55376 | ||